Allama Iqbal : (Record no. 480125)
[ view plain ]
| 000 -LEADER | |
|---|---|
| fixed length control field | 01353cam a2200373 i 4500 |
| 001 - CONTROL NUMBER | |
| control field | 11848418 |
| 003 - CONTROL NUMBER IDENTIFIER | |
| control field | ASAB |
| 005 - DATE AND TIME OF LATEST TRANSACTION | |
| control field | 20180827062639.0 |
| 008 - FIXED-LENGTH DATA ELEMENTS--GENERAL INFORMATION | |
| fixed length control field | 150630s2015 pk b 001 0 eng |
| 010 ## - LIBRARY OF CONGRESS CONTROL NUMBER | |
| LC control number | 2015326661 |
| 020 ## - INTERNATIONAL STANDARD BOOK NUMBER | |
| International Standard Book Number | 9789695623732 |
| 020 ## - INTERNATIONAL STANDARD BOOK NUMBER | |
| International Standard Book Number | 9695623735 |
| 025 ## - OVERSEAS ACQUISITION NUMBER | |
| Overseas acquisition number | P-E-2015326661; 33 |
| 035 ## - SYSTEM CONTROL NUMBER | |
| System control number | (OCoLC)ocn913514566 |
| 035 ## - SYSTEM CONTROL NUMBER | |
| System control number | (OCoLC)913514566 |
| 035 ## - SYSTEM CONTROL NUMBER | |
| System control number | (NNC)11848418 |
| 037 ## - SOURCE OF ACQUISITION | |
| Source of stock number/acquisition | Library of Congress -- Islamabad Overseas Office |
| Terms of availability | Rs 695.00 |
| 040 ## - CATALOGING SOURCE | |
| Original cataloging agency | DLC |
| Language of cataloging | eng |
| Description conventions | rda |
| Transcribing agency | ASAB |
| Modifying agency | OCLCF |
| -- | WAU |
| -- | UIU |
| -- | GZM |
| 042 ## - AUTHENTICATION CODE | |
| Authentication code | lcode |
| 043 ## - GEOGRAPHIC AREA CODE | |
| Geographic area code | a-pk--- |
| 050 00 - LIBRARY OF CONGRESS CALL NUMBER | |
| Classification number | PK2199.I65 |
| Item number | Z585855 2015 |
| 245 00 - TITLE STATEMENT | |
| Title | Allama Iqbal : |
| Remainder of title | as reported in the Police Abstract of Intelligence, Punjab 1904-1935 / |
| Statement of responsibility, etc. | compiled & edited by Dr. Nadeem Shafiq Malik. |
| 300 ## - PHYSICAL DESCRIPTION | |
| Extent | 208 pages ; |
| Dimensions | 24 cm |
| 500 ## - GENERAL NOTE | |
| General note | Includes index. |
| 504 ## - BIBLIOGRAPHY, ETC. NOTE | |
| Bibliography, etc. note | Includes bibliographical references and index. |
| 600 10 - SUBJECT ADDED ENTRY--PERSONAL NAME | |
| Personal name | Iqbal, Muhammad, |
| Titles and other words associated with a name | Sir, |
| Dates associated with a name | 1877-1938 |
| Form subdivision | Sources. |
| 9 (RLIN) | 1921 |
| 650 #0 - SUBJECT ADDED ENTRY--TOPICAL TERM | |
| Topical term or geographic name entry element | Police |
| Geographic subdivision | Pakistan |
| -- | Punjab |
| General subdivision | History |
| Chronological subdivision | 20th century |
| Form subdivision | Sources. |
| 9 (RLIN) | 1922 |
| 700 1# - ADDED ENTRY--PERSONAL NAME | |
| Personal name | Malik, Nadeem Shafiq, |
| Relator term | compiler, |
| -- | editor. |
| 9 (RLIN) | 1923 |
| 730 0# - ADDED ENTRY--UNIFORM TITLE | |
| Uniform title | Police abstract of intelligence, Punjab. |
| 9 (RLIN) | 1924 |
| 856 41 - ELECTRONIC LOCATION AND ACCESS | |
| Materials specified | Table of contents only |
| Uniform Resource Identifier | <a href="https://www.loc.gov/catdir/toc/fy16pdf03/2015326661.html">https://www.loc.gov/catdir/toc/fy16pdf03/2015326661.html</a> |
| 942 ## - ADDED ENTRY ELEMENTS (KOHA) | |
| Source of classification or shelving scheme | |
| Koha item type | Book |
| 948 1# - LOCAL PROCESSING INFORMATION (OCLC); SERIES PART DESIGNATOR (RLIN) | |
| Series part designator, SPT (RLIN) | 20160322 |
| b (OCLC) | c |
| c (OCLC) | sds12 |
| d (OCLC) | MPS |
| Withdrawn status | Lost status | Source of classification or shelving scheme | Damaged status | Not for loan | Collection code | Permanent Location | Current Location | Date acquired | Total Checkouts | Barcode | Date last seen | Price effective from | Koha item type |
|---|---|---|---|---|---|---|---|---|---|---|---|---|---|
| Atta-ur-Rahman School of Applied Biosciences (ASAB) | Atta-ur-Rahman School of Applied Biosciences (ASAB) | 06/16/2016 | ASAB3319 | 06/16/2016 | 06/16/2016 | Book | |||||||
| Atta-ur-Rahman School of Applied Biosciences (ASAB) | Atta-ur-Rahman School of Applied Biosciences (ASAB) | 06/16/2016 | ASAB3318 | 06/20/2016 | 06/16/2016 | Book |
